000 00366nam a2200133Ia 4500
008 240624s9999 xx 000 0 und d
041 _aeng
082 _a352.34 TEE
100 _aTEEUWEN BERT
245 _aLEAN FOR THE PUBLIC SECTOR THE PURSUIT OF PERFECTION IN V
260 _c2011
_aLondon
_bCRC Press
300 _axvii, : 205 : p. : cm. ; 25
365 _cGBP
_b26
999 _c20645
_d20645